LEADER 03988nam 2200757 450 001 9910464172203321 005 20210422001933.0 010 $a3-11-033545-X 010 $a3-11-039539-8 024 7 $a10.1515/9783110335453 035 $a(CKB)3360000000515081 035 $a(EBL)1597576 035 $a(SSID)ssj0001402485 035 $a(PQKBManifestationID)11884363 035 $a(PQKBTitleCode)TC0001402485 035 $a(PQKBWorkID)11360394 035 $a(PQKB)10672305 035 $a(MiAaPQ)EBC1597576 035 $a(DE-B1597)213655 035 $a(OCoLC)898769703 035 $a(DE-B1597)9783110335453 035 $a(Au-PeEL)EBL1597576 035 $a(CaPaEBR)ebr11010140 035 $a(CaONFJC)MIL808126 035 $a(EXLCZ)993360000000515081 100 $a20141105h20152015 uy| 0 101 0 $aeng 135 $aur|nu---|u||u 181 $ctxt 182 $cc 183 $acr 200 00$aMetaphor and metonymy across time and cultures $eperspectives on the sociohistorical linguistics of figurative language /$fedited by Javier E. Di?az-Vera 210 1$aBerlin ;$aBoston :$cDe Gruyter Mouton,$d[2015] 210 4$dİ2015 215 $a1 online resource (356 p.) 225 1 $aCognitive linguistics research,$x1861-4132 ;$vvolume 52 300 $aDescription based upon print version of record. 311 $a3-11-055509-3 311 $a3-11-033543-3 320 $aIncludes bibliographical references and index. 327 $tFront matter --$tContents --$tFiguration and language history: Universality and variation --$tFour guidelines for diachronic metaphor research --$tLost in transmission? The sense development of borrowed metaphor --$tLoss of prototypical meaning and lexical borrowing: A case of semantic redeployment --$tA complex adaptive systems approach to language, cultural schemas and serial metonymy: Charting the cognitive innovations of ?fingers? and ?claws? in Basque --$tThe interface between synchronic and diachronic conceptual metaphor: The role of embodiment, culture and semantic field --$tThe pivotal role of metaphor in the evolution of human language --$tTwo counter-expectation markers in Chinese --$tThe emergence of diathesis markers from MOTION concepts --$t?Better shamed before one than shamed before all?: Shaping shame in Old English and Old Norse texts --$tThe conceptual profile of the lexeme home: A multifactorial diachronic analysis --$tCognitive patterns in Greek poetic metaphors of emotion: A diachronic approach --$t?Thou com?st in such a questionable shape?: Embodying the cultural model for ghost across the history of English --$tIndex 330 $aThis volume offers new insights into figurative language and its pervasive role as a factor of linguistic change. The case studies included in this book explore some of the different ways new metaphoric and metonymic expressions emerge and spread among speech communities, and how these changes can be related to the need to encode ongoing social and cultural processes in the language. They cover a wide series of languages and historical stages. 410 0$aCognitive linguistics research ;$v52. 606 $aMetaphor$vCross-cultural studies 606 $aMetonyms$vCross-cultural studies 606 $aFigures of speech$vCross-cultural studies 606 $aLinguistic change$vCross-cultural studies 606 $aSociolinguistics 606 $aLanguage and culture 608 $aElectronic books. 615 0$aMetaphor 615 0$aMetonyms 615 0$aFigures of speech 615 0$aLinguistic change 615 0$aSociolinguistics. 615 0$aLanguage and culture. 676 $a808/.032 686 $aEC 3765$qBSZ$2rvk 702 $aDi?az Vera$b Javier E. 801 0$bMiAaPQ 801 1$bMiAaPQ 801 2$bMiAaPQ 906 $aBOOK 912 $a9910464172203321 996 $aMetaphor and metonymy across time and cultures$92488099 997 $aUNINA LEADER 03278nam 2200637Ia 450 001 9910955111203321 005 20251204183016.0 010 $a0-8276-0999-X 035 $a(CKB)2550000000017860 035 $a(EBL)3039345 035 $a(OCoLC)698244161 035 $a(SSID)ssj0000470604 035 $a(PQKBManifestationID)11299267 035 $a(PQKBTitleCode)TC0000470604 035 $a(PQKBWorkID)10412467 035 $a(PQKB)10838550 035 $a(MiAaPQ)EBC3039345 035 $a(Au-PeEL)EBL3039345 035 $a(CaPaEBR)ebr10388535 035 $a(BIP)30506146 035 $a(BIP)24322761 035 $a(EXLCZ)992550000000017860 100 $a20090805d2009 uy 0 101 0 $aeng 135 $aur|n|---||||| 181 $ctxt 182 $cc 183 $acr 200 00$aJewish choices, Jewish voices$iPower /$fedited by Elliot N. Dorf and Louis E. Newman 210 $aPhiladelphia, PA $cJewish Publication Society$dc2009 215 $a1 online resource (142 p.) 225 1 $aJewish Choices, Jewish Voice 300 $aDescription based upon print version of record. 311 08$a0-8276-0862-4 320 $aIncludes bibliographical references and index. 327 $aContents; Acknowledgments; Description of the Jewish Choices, Jewish Voices Series; Introduction: Power; PART I: CASE STUDIES AND JEWISH SOURCES; First Case Study: Soliciting Charitable Donations; Second Case Study: Developing Personal Relationships; Third Case Study: Monitoring Ethics in Business; PART II: SYMPOSIUM; The Power of Executives; Power in Government; Power in the Professions; The Power of Ideals; PART III: CONCLUSION; The Ethics of Power; Glossary; Suggestions for Further Reading; Editors and Contributors; Index 330 $aThis JPS ethics series deals with some of the most critical moral issues of our time. How do we use power once we've gained it? Is it completely for our individual benefit, or do we use it to help our neighborhoods, or society at-large? What kinds of decisions must CEOs and business owners make regarding suppliers and customers? How should bosses treat workers? Teachers treat students? Parents treat children? Government treats citizens? Power dynamics affect people on a political level, a social level, and a deeply personal level as well. The newest volume in the "Jewish Choices, Jewish Voices" series examines these dynamics and includes essays by such fine contributors as U.S. Representative Henry Waxman, NBC Universal Television-West Coast President Marc Graboff, and author and scholar James Diamond. 410 0$aJewish Choices, Jewish Voice 606 $aJewish ethics 606 $aJews$xIdentity 606 $aPower (Philosophy)$xReligious aspects 606 $aPower (Social sciences)$xReligious aspects 615 0$aJewish ethics. 615 0$aJews$xIdentity. 615 0$aPower (Philosophy)$xReligious aspects. 615 0$aPower (Social sciences)$xReligious aspects. 676 $a296.36 701 $aDorff$b Elliot N$01806609 701 $aNewman$b Louis E.$f1956-$01858203 801 0$bMiAaPQ 801 1$bMiAaPQ 801 2$bMiAaPQ 906 $aBOOK 912 $a9910955111203321 996 $aJewish choices, Jewish voices$94461038 997 $aUNINA